logo

Bir Sreshtho Munshi Abdur Rouf Library
Jhenaidah Cadet College

মুক্তিযুদ্ধে ইপিআর (বর্তমানে বিজিবি) / (Record no. 12849)

MARC details
000 -LEADER
fixed length control field 01001nam a2200229 a 4500
001 - CONTROL NUMBER
JCCL Control Number 12849
003 - CONTROL NUMBER IDENTIFIER
JCCL marc code BD-JhCC
005 - DATE AND TIME OF LATEST TRANSACTION
control field 20230518110008.0
008 - FIXED-LENGTH DATA ELEMENTS--GENERAL INFORMATION
fixed length control field 230518s20162015b |||| |||| 000 0 b d
020 ## - INTERNATIONAL STANDARD BOOK NUMBER
International Standard Book Number 9789843402752
035 ## - SYSTEM CONTROL NUMBER
system control number (BD-JhCC)12849
040 ## - CATALOGING SOURCE
Original cataloging agency BD-JhCC
Modifying agency BD-JhCC
041 ## - LANGUAGE CODE
Language code of Book ben
082 ## - DEWEY DECIMAL CLASSIFICATION NUMBER
Classification number 954.9205
Author mark and Year MUK 2016
245 ## - TITLE STATEMENT
Title মুক্তিযুদ্ধে ইপিআর (বর্তমানে বিজিবি) /
Statement of responsibility, etc সম্পাদনায় ব্রিগেডিয়ার জেনারেল তৌফিকুল হাসান সিদ্দিকী
260 ## - PUBLICATION, DISTRIBUTION, ETC. (IMPRINT)
Place of publication, distribution, etc ঢাকা :
Name of publisher, distributor, etc বর্ডার গার্ড বাংলাদেশ,
Date of publication, distribution, etc ২০১৬
300 ## - PHYSICAL DESCRIPTION
Pagination ৭৬ পৃ. :
Other physical details চিত্রবলী সংযোজিত,
Dimensions ২০ সেমি.
650 ## - SUBJECT ADDED ENTRY--TOPICAL TERM
Topical term or geographic name as entry element Boarder Gurd Bangladesh (BGB)
Geographic subdivision Bangladesh
650 ## - SUBJECT ADDED ENTRY--TOPICAL TERM
Topical term or geographic name as entry element Libreration war
700 ## - ADDED ENTRY--PERSONAL NAME
Personal name সিদ্দিকী, তৌফিকুল হাসান
942 ## - ADDED ENTRY ELEMENTS (KOHA)
Source of classification or shelving scheme Dewey Decimal Classification
Koha item type Books
Holdings
Source of classification or shelving scheme Damaged status Not for loan Home library Current library Shelving location Date of accession Cost, normal purchase price Total Checkouts Full call number Barcode Date last seen Copy number Method of acquisition Koha item type Currency
Dewey Decimal Classification     JCC Rouf Library JCC Rouf Library General Stacks 05/18/2023 150.00   954.9205 MUK 2016 17590 05/18/2023 C-1 Exchange Books BDT

JCC Library | Contacts | JCC Home

Last Update on 23 September 2017
Copyright @ 2017-2020 JCC Rouf Library
Rouf Library, Jhenidah Cadet College (JCC), Bangladesh